000 00439 a2200157 4500
003 Nust
005 20230711102031.0
040 _cNust
082 _a170, RUS
100 _aBertrand Russell
_913371
245 _aThe Conquest of Happiness /
_cBertrand Russell
260 _aLahore
_bAli Majeed
_c1956
300 _a252 p.;
505 _aPart I:Causes of Unhappiness (Page-19), Part II Causes of Happiness (Page-143).
942 _2ddc
_cBK
999 _c193802
_d193802